00560nam a2200181Ia 4500001001300000003001000013008004100023040002500064041000700089100002400096245008000120250001100200260004400211300001200255500007600267650002000343700001500363b5167-34434 IT-MiCISF161014s9999||||xx |||||||||||||| ||und|| aIT-MiCISFcIT-MiCISF ait aDe Camillis Stefano 0aI giovani adultibViaggio nel mondo giovanile al confine con l'età adulta a1a ed. a RomabEdizioni Scientifiche Magic1998 app. 110 acontiene glossario / giovane-adulto, famiglia, terapia, case-studies /  aetà-evolutiva aRicci Rita